[Event "FIDE Online Olympiad"]
[Site "Chess.com"]
[Date "2020.08.21"]
[EventDate "2020.08.21"]
[Round "2"]
[Result "0-1"]
[White "Liam Vrolijk"]
[Black "Denis Makhnev"]
[WhiteElo "2470"]
[BlackElo "2453"]
[Source "Chess-Results"]
[PlyCount "54"]

1. d4 d5 2. Nf3 Nf6 3. c4 dxc4 4. e3 Nc6 5. Bxc4 e5 6. O-O
exd4 7. exd4 Be7 8. Nc3 O-O 9. h3 Bf5 10. Re1 h6 11. a3 Bd6
12. d5 Ne7 13. Nd4 Bd7 14. Be3 a6 15. Qd2 Ng6 16. Rad1 Re8
17. Ba2 Qc8 18. f4 Bxh3 19. gxh3 Qxh3 20. Bb1 Nh4 21. Re2 Ng4
22. Ne4 Bc5 23. Nxc5 Nxe3 24. Ne4 Nxd1 25. Qxd1 f5 26. Nc5 Re3
27. Rxe3 Qg2# 0-1

[Event "FIDE Online Olympiad"]
[Site "Chess.com"]
[Date "2020.08.21"]
[EventDate "2020.08.21"]
[Round "2"]
[Result "0-1"]
[White "Francisco Vallejo Pons"]
[Black "Juraj Druska"]
[WhiteElo "2656"]
[BlackElo "2403"]
[Source "Chess-Results"]
[PlyCount "96"]

1. e4 c5 2. Ne2 Nc6 3. d4 cxd4 4. Nxd4 g6 5. c4 Nf6 6. Nc3 d6
7. Be2 Nxd4 8. Qxd4 Bg7 9. Be3 O-O 10. Qd2 a5 11. f3 a4
12. Rc1 Qa5 13. Nb5 Qxd2+ 14. Kxd2 Be6 15. Nc7 Rac8 16. Nxe6
fxe6 17. Rc2 Nd7 18. Rb1 b6 19. b4 axb3 20. axb3 Ra8 21. b4
Rfc8 22. f4 Kf7 23. Bg4 Rc7 24. f5 exf5 25. exf5 Ne5 26. fxg6+
hxg6 27. Be2 Rb8 28. h4 Bf6 29. g3 Ra7 30. Rf1 Ra4 31. g4 Kg8
32. g5 Bg7 33. Rb1 Nc6 34. b5 Nd4 35. Bxd4 Bxd4 36. Bd3 Kg7
37. Re1 Be5 38. Ke3 Rh8 39. Rh1 Bg3 40. Kf3 Ra3 41. Kxg3 Rxd3+
42. Kg4 Rf8 43. h5 e5 44. hxg6 Kxg6 45. Rh6+ Kg7 46. Rch2 Rf4+
47. Kh5 Rf5 48. Rg6+ Kh7 0-1

[Event "FIDE Online Olympiad"]
[Site "Chess.com"]
[Date "2020.08.21"]
[EventDate "2020.08.21"]
[Round "2"]
[Result "0-1"]
[White "Lance Henderson de La Fuente"]
[Black "Samir Sahidi"]
[WhiteElo "2177"]
[BlackElo "2380"]
[Source "Chess-Results"]
[PlyCount "116"]

1. d4 Nf6 2. Nf3 g6 3. Nbd2 d5 4. b4 Bg7 5. e3 O-O 6. Be2 a5
7. b5 c5 8. bxc6 bxc6 9. Ba3 Bg4 10. O-O Nbd7 11. h3 Bxf3
12. Bxf3 Re8 13. c4 a4 14. Rb1 e5 15. cxd5 cxd5 16. Bb2 e4
17. Be2 Qa5 18. Ba3 Rab8 19. Rxb8 Rxb8 20. Qc2 Bf8 21. Bxf8
Kxf8 22. Rc1 Kg7 23. g4 h6 24. Kg2 Qb4 25. Rb1 Qa5 26. Rxb8
Nxb8 27. h4 Qb4 28. Nb1 Nfd7 29. Nc3 Nb6 30. Nb5 N8d7 31. Qc3
Qe7 32. Kg3 Qf8 33. Qc7 Qb4 34. Nc3 Qe7 35. Bb5 Qe6 36. Qc6 a3
37. Qxe6 fxe6 38. Nb1 Kf6 39. Nxa3 g5 40. Nc2 Ke7 41. Nb4 Kd6
42. hxg5 hxg5 43. Nc2 Nf6 44. a4 Nc4 45. Ne1 Kc7 46. Bxc4 dxc4
47. f4 exf3 48. Kxf3 Kb6 49. e4 Ka5 50. e5 Nd5 51. Ke2 Kxa4
52. Nf3 Kb3 53. Kd2 Kb2 54. Ne1 c3+ 55. Kd3 Nf4+ 56. Kc4 c2
57. Nxc2 Kxc2 58. Kc5 Kd3 0-1

[Event "FIDE Online Olympiad"]
[Site "Chess.com"]
[Date "2020.08.21"]
[EventDate "2020.08.21"]
[Round "2"]
[Result "0-1"]
[White "Dominika Ferkova"]
[Black "Marta Garcia Martin"]
[WhiteElo "1820"]
[BlackElo "2097"]
[Source "Chess-Results"]
[PlyCount "62"]

1. d4 Nf6 2. c4 e6 3. Nc3 Bb4 4. e3 O-O 5. Bd3 d5 6. Nf3 c5
7. O-O Nc6 8. cxd5 exd5 9. a3 Bxc3 10. bxc3 c4 11. Be2 Ne4
12. Bb2 Na5 13. Ra2 Nb3 14. Qe1 Re8 15. Bd1 b5 16. Bc2 f6
17. Qd1 Bg4 18. Bxb3 cxb3 19. Ra1 Ng5 20. Kh1 Re4 21. h3 Bxf3
22. gxf3 Qd7 23. fxe4 Qxh3+ 24. Kg1 Nf3+ 25. Qxf3 Qxf3
26. exd5 Re8 27. Rfd1 Re4 28. Kf1 Rh4 29. Ke1 Rh1+ 30. Kd2
Qxf2+ 31. Kc1 Qc2# 0-1

[Event "FIDE Online Olympiad"]
[Site "Chess.com"]
[Date "2020.08.21"]
[EventDate "2020.08.21"]
[Round "2"]
[Result "0-1"]
[White "Olga Dolzhikova"]
[Black "Iulija Osmak"]
[WhiteElo "2109"]
[BlackElo "2356"]
[Source "Chess-Results"]
[PlyCount "124"]

1. b3 d5 2. Bb2 Bf5 3. e3 e6 4. Nf3 Nf6 5. h3 h6 6. d3 a5
7. a4 Bd6 8. Nbd2 Bh7 9. g4 Nbd7 10. Bg2 e5 11. Qe2 Qe7
12. Nh4 Qe6 13. c4 c6 14. e4 dxe4 15. Nxe4 Bxe4 16. Bxe4 Nxe4
17. Qxe4 Nc5 18. Qe2 Nxb3 19. Nf5 O-O 20. Rd1 Bb4+ 21. Kf1
Rfe8 22. Kg2 Bf8 23. Rhe1 f6 24. d4 Bb4 25. d5 Qf7 26. Rf1
cxd5 27. cxd5 Rad8 28. Qb5 Nc5 29. d6 Ne6 30. d7 Rf8 31. Qxb7
Nc5 32. Qc6 Rxd7 33. Rxd7 Qxd7 34. Qxd7 Nxd7 35. Rc1 Nc5
36. Rd1 Nxa4 37. Ba1 Nc5 38. Ne7+ Kf7 39. Nc6 Rc8 40. Na7 Rc7
41. Nb5 Rd7 42. Rxd7+ Nxd7 43. Kf3 Nc5 44. Ke3 Ke6 45. f4 Nb3
46. Bb2 Bd2+ 47. Kd3 Bxf4 48. Nc7+ Kd7 49. Nd5 Nc5+ 50. Kc4
Ne6 51. Bc3 a4 52. Nb6+ Kc6 53. Nxa4 Ng5 54. h4 Nf3 55. g5
hxg5 56. hxg5 Nxg5 57. Nc5 g6 58. Nd3 Ne6 59. Nb4+ Kd7 60. Nd5
Bg5 61. Kd3 Nf4+ 62. Nxf4 Bxf4 0-1

[Event "FIDE Online Olympiad"]
[Site "Chess.com"]
[Date "2020.08.21"]
[EventDate "2020.08.21"]
[Round "2"]
[Result "0-1"]
[White "Johannes Haug"]
[Black "Kirill Shevchenko"]
[WhiteElo "2216"]
[BlackElo "2425"]
[Source "Chess-Results"]
[PlyCount "126"]

1. d4 Nf6 2. c4 g6 3. g3 Bg7 4. Bg2 O-O 5. Nc3 Nc6 6. Nf3 d5
7. cxd5 Nxd5 8. O-O Nb6 9. d5 Na5 10. e4 c6 11. Bf4 Bxc3
12. bxc3 cxd5 13. exd5 Qxd5 14. Qe2 Qc4 15. Rfe1 Qxe2 16. Rxe2
Be6 17. Nd4 Bd5 18. Rxe7 Bxg2 19. Kxg2 Nd5 20. Re5 Rfd8
21. Bg5 Nc4 22. Ree1 f6 23. Bh6 Kf7 24. Rab1 Rd7 25. Rbc1 Re8
26. Rxe8 Kxe8 27. Nb3 Kf7 28. h4 b6 29. Nd2 Nde3+ 30. Bxe3
Nxe3+ 31. Kf3 Rxd2 32. Kxe3 Rxa2 33. Rd1 Ke7 34. g4 Rc2
35. Rd3 a5 36. Kd4 Rxf2 37. Kc4 Rb2 38. Re3+ Kf7 39. Kd5 h5
40. gxh5 gxh5 41. Rg3 a4 42. c4 Rb3 43. Rg2 a3 44. Kd6 Rb2
45. Rg3 Rb4 46. Rxa3 Rxc4 47. Rb3 Rxh4 48. Rxb6 Re4 49. Kd5
Re5+ 50. Kd4 h4 51. Rb8 Kg7 52. Rc8 h3 53. Rc1 h2 54. Rh1 Rh5
55. Ke4 Kg6 56. Kf4 Rh4+ 57. Kg3 Kg5 58. Kf3 Rh3+ 59. Kf2 Kg4
60. Kg2 f5 61. Kf2 Ra3 62. Kg2 Ra2+ 63. Kf1 Kg3 0-1

[Event "FIDE Online Olympiad"]
[Site "Chess.com"]
[Date "2020.08.21"]
[EventDate "2020.08.21"]
[Round "2"]
[Result "0-1"]
[White "Daniel Barrish"]
[Black "Timothe Razafindratsima"]
[WhiteElo "2183"]
[BlackElo "2199"]
[Source "Chess-Results"]
[PlyCount "90"]

1. d4 Nf6 2. c4 g6 3. f3 Nc6 4. d5 Ne5 5. e4 d6 6. Nc3 Bg7
7. f4 Ned7 8. Nh3 O-O 9. Nf2 e5 10. dxe6 fxe6 11. Be2 b6
12. Be3 Bb7 13. Qc2 e5 14. f5 Nc5 15. g4 gxf5 16. exf5 Bxh1
17. Nxh1 h6 18. O-O-O Nh7 19. Ng3 Qh4 20. Bf3 e4 21. Ncxe4
Nxe4 22. Nxe4 Rae8 23. Bf4 Be5 24. Bg3 Qe7 25. Bxe5 Qxe5
26. h4 Qf4+ 27. Nd2 Nf6 28. Rg1 Re3 29. Bd5+ Nxd5 30. cxd5 Qf2
31. Rh1 Re1+ 32. Rxe1 Qxe1+ 33. Qd1 Qxd1+ 34. Kxd1 Re8 35. g5
hxg5 36. hxg5 Re5 37. Kc2 Rxf5 38. Ne4 Kg7 39. Nf6 Rxf6
40. gxf6+ Kxf6 41. Kd3 Ke5 42. Kc4 a6 43. a4 Ke4 44. b3 a5
45. b4 axb4 0-1

[Event "FIDE Online Olympiad"]
[Site "Chess.com"]
[Date "2020.08.21"]
[EventDate "2020.08.21"]
[Round "2"]
[Result "0-1"]
[White "Michelle M Fisher"]
[Black "Solenn Afraoui"]
[WhiteElo "1725"]
[BlackElo "1823"]
[Source "Chess-Results"]
[PlyCount "102"]

1. e4 c5 2. Nf3 d6 3. d4 cxd4 4. Nxd4 Nf6 5. Nc3 a6 6. Be3 e5
7. Nf3 Qc7 8. Be2 Be7 9. O-O b5 10. a3 Bb7 11. Bd3 O-O 12. Re1
Nbd7 13. Qe2 Nc5 14. Bg5 Ne6 15. Bxf6 Bxf6 16. Qe3 g6 17. Rad1
Bg7 18. Qd2 Rad8 19. Bf1 f5 20. Nd5 Qf7 21. Nc3 fxe4 22. Nxe4
Bxe4 23. Rxe4 d5 24. Ree1 e4 25. Ng5 Nxg5 26. Qxg5 Qxf2+
27. Kh1 Qf5 28. Qxf5 gxf5 29. c3 f4 30. Kg1 Bf6 31. Be2 d4
32. Bg4 Rfe8 33. Bf5 dxc3 34. Rxd8 Rxd8 35. bxc3 e3 36. g3
fxg3 37. hxg3 Bxc3 38. Re2 Bd4 39. Kg2 Rf8 40. Be6+ Kg7
41. Bd5 Rf2+ 42. Rxf2 exf2 43. Kf1 a5 44. Bc6 b4 45. axb4 axb4
46. Bb5 h6 47. Bc4 Kf6 48. Ke2 Ke5 49. Kf3 Bb6 50. Bd3 Kd4
51. Ke2 f1=Q+ 0-1

[Event "FIDE Online Olympiad"]
[Site "Chess.com"]
[Date "2020.08.21"]
[EventDate "2020.08.21"]
[Round "2"]
[Result "0-1"]
[White "Sonia Modi"]
[Black "Florence Rollot"]
[WhiteElo "1959"]
[BlackElo "1944"]
[Source "Chess-Results"]
[PlyCount "66"]

1. c4 Nf6 2. g3 c5 3. Bg2 g6 4. Nc3 Bg7 5. Nf3 O-O 6. d4 cxd4
7. Nxd4 Nc6 8. O-O Qa5 9. Rb1 Qh5 10. h3 Nxd4 11. Qxd4 d6
12. h4 Ng4 13. Qd1 Bf5 14. Be4 Bxe4 15. Nxe4 Qf5 16. Qd3 Ne5
17. Qc2 Rac8 18. f3 d5 19. g4 Nxg4 20. Qd1 dxe4 21. fxg4 Qxg4+
22. Kh1 Qxh4+ 23. Kg2 Be5 24. Rh1 Qg3+ 25. Kf1 e3 26. Qe1 Qf4+
27. Kg2 Rxc4 28. Bxe3 Qxe3 29. Rh3 Rg4+ 30. Rg3 Rxg3+ 31. Kh1
Rh3+ 32. Kg2 Rh2+ 33. Kf1 Rh1+ 0-1

[Event "FIDE Online Olympiad"]
[Site "Chess.com"]
[Date "2020.08.21"]
[EventDate "2020.08.21"]
[Round "2"]
[Result "0-1"]
[White "Imre Balog"]
[Black "Rauf Mamedov"]
[WhiteElo "2626"]
[BlackElo "2691"]
[Source "Chess-Results"]
[PlyCount "94"]

1. d4 Nf6 2. Bg5 g6 3. Bxf6 exf6 4. e4 Bg7 5. Bd3 f5 6. exf5
Bxd4 7. Qe2+ Qe7 8. Nc3 Bxc3+ 9. bxc3 d5 10. O-O-O Nd7 11. Nf3
Qxe2 12. Bxe2 Nf6 13. fxg6 hxg6 14. c4 c6 15. cxd5 cxd5
16. Rhe1 Kf8 17. h3 Bd7 18. Bd3 Kg7 19. Ne5 Ba4 20. Kd2 Rhe8
21. f3 Rad8 22. Kc3 d4+ 23. Kd2 Nd5 24. Rb1 Re7 25. Nc4 Rc7
26. Na5 b6 27. Nb3 Ne3 28. Re2 Nd5 29. Rbe1 Ne3 30. Rc1 Bxb3
31. cxb3 Rxc1 32. Kxc1 Rc8+ 33. Kd2 Nf1+ 34. Ke1 Rc1+ 35. Kf2
Ne3 36. Rd2 Kf6 37. Be2 Rc2 38. Rxd4 Nf5 39. Ra4 a5 40. g4 Ne7
41. b4 axb4 42. Rxb4 Nd5 43. Rb3 Nf4 44. Rxb6+ Kg7 45. a4
Rxe2+ 46. Kf1 Ra2 47. Rb4 Nxh3 0-1

[Event "FIDE Online Olympiad"]
[Site "Chess.com"]
[Date "2020.08.21"]
[EventDate "2020.08.21"]
[Round "2"]
[Result "0-1"]
[White "Dorina Demeter"]
[Black "Khanim Balajayeva"]
[WhiteElo "1885"]
[BlackElo "2093"]
[Source "Chess-Results"]
[PlyCount "80"]

1. Nf3 Nf6 2. c4 e6 3. Nc3 Bb4 4. g3 O-O 5. Bg2 d5 6. a3 Be7
7. cxd5 exd5 8. d4 c6 9. O-O Re8 10. Ne5 Nbd7 11. Bf4 Nf8
12. Qc2 Ne6 13. Rad1 Nxf4 14. gxf4 g6 15. e3 Bf8 16. Ne2 Bf5
17. Qb3 Qc8 18. Ng3 Bh3 19. e4 Bxg2 20. Kxg2 h5 21. h4 Qc7
22. f5 Kh7 23. Qf3 Bg7 24. exd5 cxd5 25. Rc1 Qe7 26. Rfe1 Bh6
27. fxg6+ fxg6 28. Ng4 Nxg4 29. Rxe7+ Rxe7 30. Rc2 Rf8 31. Qd3
Ref7 32. Nxh5 Nxf2 33. Qe2 gxh5 34. Qxh5 Rg7+ 35. Kh2 Ng4+
36. Kh1 Rf1+ 37. Kg2 Ne3+ 38. Kh2 Ng4+ 39. Kg2 Nf6+ 40. Kxf1
Nxh5 0-1

[Event "FIDE Online Olympiad"]
[Site "Chess.com"]
[Date "2020.08.21"]
[EventDate "2020.08.21"]
[Round "3"]
[Result "0-1"]
[White "Jorden van Foreest"]
[Black "Benjamin Gledura"]
[WhiteElo "2543"]
[BlackElo "2619"]
[Source "Chess-Results"]
[PlyCount "128"]

1. e4 Nf6 2. e5 Nd5 3. d4 d6 4. Nf3 dxe5 5. Nxe5 g6 6. h3 Bg7
7. Nf3 O-O 8. Bc4 Nb6 9. Bb3 c5 10. dxc5 Qxd1+ 11. Kxd1 N6d7
12. Nc3 Nxc5 13. Be3 Nxb3 14. axb3 Nc6 15. Kc1 Bf5 16. Rd1
Rfd8 17. Rxd8+ Rxd8 18. Ra4 a6 19. Bb6 Rc8 20. Nd5 Be6 21. Nf4
Bd7 22. Rc4 e5 23. Nd5 h6 24. Nd2 Kh7 25. Ne4 Be6 26. Nd6 Rb8
27. Rc5 Bf8 28. Bc7 Rc8 29. Rxc6 Bxd5 30. Nxc8 Bxc6 31. g3 Bc5
32. Bb6 Bxb6 33. Nxb6 g5 34. Kd2 Kg6 35. Ke3 f5 36. Nc4 Kf6
37. f3 f4+ 38. Kf2 e4 39. fxe4 Bxe4 40. c3 Bd5 41. Nd2 Kf5
42. b4 h5 43. c4 Bc6 44. Nb3 Ke5 45. Na5 Be4 46. b5 axb5
47. cxb5 Kd4 48. h4 fxg3+ 49. Kxg3 g4 50. Nb3+ Kc4 51. Nd2+
Kd3 52. Nb3 b6 53. Kf2 Bg6 54. Nc1+ Kc4 55. Ne2 Kxb5 56. Nf4
Bf7 57. Nd3 Be8 58. Ke3 Kc4 59. b4 b5 60. Kd2 Kd4 61. Nc5 Bf7
62. Nd7 Bc4 63. Ke1 Ke3 64. Nf6 g3 0-1

[Event "FIDE Online Olympiad"]
[Site "Chess.com"]
[Date "2020.08.21"]
[EventDate "2020.08.21"]
[Round "3"]
[Result "0-1"]
[White "Hoang Thanh Trang"]
[Black "Anne Haast"]
[WhiteElo "2338"]
[BlackElo "2318"]
[Source "Chess-Results"]
[PlyCount "82"]

1. d4 f5 2. Bf4 Nf6 3. e3 e6 4. Nf3 Be7 5. h3 O-O 6. Be2 d6
7. O-O Qe8 8. c4 Nbd7 9. Nc3 b6 10. Bh2 Bb7 11. Ng5 Bd8 12. d5
Nxd5 13. cxd5 Bxg5 14. Nb5 Bd8 15. Bxd6 cxd6 16. Nxd6 Qe7
17. Nxb7 Nf6 18. Nxd8 Raxd8 19. Rc1 Nxd5 20. Qb3 Kh8 21. Rfd1
Nf6 22. Rxd8 Rxd8 23. Qc2 h6 24. Bf3 Qb4 25. a3 Qe7 26. Qc7
Rd7 27. Qb8+ Kh7 28. Qe5 Qd6 29. Qb5 Qe7 30. Rc6 e5 31. Be2
Rd2 32. Bd3 Qd7 33. Bf1 e4 34. a4 Rxb2 35. Qc4 Nd5 36. Rc8 Rb1
37. Ra8 a5 38. Qc2 Ra1 39. g3 Qxa4 40. Qc8 Ne7 41. Qd8 Qc4 0-1

[Event "FIDE Online Olympiad"]
[Site "Chess.com"]
[Date "2020.08.21"]
[EventDate "2020.08.21"]
[Round "3"]
[Result "0-1"]
[White "Rosa Ratsma"]
[Black "Ticia Gara"]
[WhiteElo "2306"]
[BlackElo "2274"]
[Source "Chess-Results"]
[PlyCount "86"]

1. e4 c5 2. Nf3 d6 3. d4 cxd4 4. Nxd4 Nf6 5. Nc3 Bd7 6. Be3
Nc6 7. f3 e6 8. Qd2 Nxd4 9. Bxd4 Be7 10. O-O-O O-O 11. Kb1 a6
12. g4 b5 13. h4 b4 14. Ne2 e5 15. Be3 Be6 16. g5 Nh5 17. f4
Qa5 18. a3 exf4 19. Nxf4 Nxf4 20. Bxf4 Rab8 21. Bh3 Bc4
22. Bf1 Be6 23. Bh3 Qa4 24. Bxe6 fxe6 25. Bxd6 bxa3 26. Bxb8
axb2 27. c4 Rxb8 28. Qd7 Qa1+ 29. Kc2 b1=Q+ 30. Rxb1 Qa2+
31. Kc3 Qa3+ 32. Kc2 Qa2+ 33. Kc3 Bb4+ 34. Rxb4 Qa3+ 35. Kd4
Qxb4 36. Qxe6+ Kh8 37. Ke3 Qc3+ 38. Kf4 Rf8+ 39. Qf5 Rxf5+
40. exf5 Qxc4+ 41. Kg3 Qd3+ 42. Kg2 Qxf5 43. Rf1 Qg4+ 0-1

[Event "FIDE Online Olympiad"]
[Site "Chess.com"]
[Date "2020.08.21"]
[EventDate "2020.08.21"]
[Round "3"]
[Result "0-1"]
[White "Kenneth T Solomon"]
[Black "Rauf Mamedov"]
[WhiteElo "2442"]
[BlackElo "2691"]
[Source "Chess-Results"]
[PlyCount "78"]

1. d4 Nf6 2. Nf3 g6 3. c4 Bg7 4. Nc3 O-O 5. e4 d6 6. h3 e5
7. d5 Nh5 8. g3 Na6 9. Be2 Nc5 10. Bg5 f6 11. Be3 f5 12. exf5
gxf5 13. Nd2 Nf6 14. Bg5 a5 15. Qc2 a4 16. g4 e4 17. O-O-O a3
18. b4 Na6 19. Qb3 Kh8 20. gxf5 Bxf5 21. Ndxe4 Nxe4 22. Nxe4
Qe8 23. f3 Qe5 24. Bd2 Bxe4 25. fxe4 Rf2 26. Rhe1 Qxe4 27. Bd3
Qd4 28. Bc2 Qa1+ 29. Bb1 Qb2+ 30. Qxb2 axb2+ 31. Kc2 Nxb4+
32. Kb3 Na6 33. Re7 Nc5+ 34. Kb4 c6 35. dxc6 bxc6 36. Rxg7
Rb8+ 37. Ka5 Kxg7 38. Bc3+ Kf8 39. Rxd6 Nb7+ 0-1

[Event "FIDE Online Olympiad"]
[Site "Chess.com"]
[Date "2020.08.21"]
[EventDate "2020.08.21"]
[Round "3"]
[Result "0-1"]
[White "Banele Mhango"]
[Black "Aydin Suleymanli"]
[WhiteElo "2035"]
[BlackElo "2202"]
[Source "Chess-Results"]
[PlyCount "114"]

1. d4 d5 2. c4 e6 3. Nf3 Be7 4. g3 Nf6 5. Bg2 O-O 6. O-O c6
7. Qc2 Nbd7 8. Nbd2 b6 9. e4 dxe4 10. Nxe4 Nxe4 11. Qxe4 Bb7
12. Rd1 Qc8 13. Qe2 Re8 14. Bg5 Bf8 15. Bf4 c5 16. dxc5 Nxc5
17. Bd6 Bxd6 18. Rxd6 e5 19. Rad1 e4 20. Ne1 Qc7 21. b4 Nd3
22. Nxd3 Qxd6 23. Nc5 Qc6 24. Nxb7 Qxb7 25. Rd4 f5 26. Bh3 Qf7
27. Qd2 Re7 28. Rd5 g6 29. Bf1 Rae8 30. c5 bxc5 31. Bc4 Kg7
32. bxc5 Qf6 33. Qe3 Rc8 34. Rd6 Qa1+ 35. Kg2 Rf8 36. c6 Qe5
37. Rd5 Qf6 38. Qc5 f4 39. gxf4 Rc8 40. Bb5 a6 41. Ba4 Rf7
42. Qd4 Qxd4 43. Rxd4 Rxf4 44. Rd7+ Rf7 45. Rd4 Re7 46. Kf1
Kf6 47. Ke2 Ke5 48. Ke3 Rf8 49. Bd1 Rc8 50. Ba4 Rf8 51. Bd1 h5
52. Be2 Rc8 53. Rc4 Re6 54. Rxe4+ Kd6 55. Rxe6+ Kxe6 56. Kf4
Rxc6 57. Bf3 Rc3 0-1

[Event "FIDE Online Olympiad"]
[Site "Chess.com"]
[Date "2020.08.21"]
[EventDate "2020.08.21"]
[Round "3"]
[Result "0-1"]
[White "Timothe Razafindratsima"]
[Black "Evgeny Shtembuliak"]
[WhiteElo "2199"]
[BlackElo "2444"]
[Source "Chess-Results"]
[PlyCount "132"]

1. e4 g6 2. d4 Bg7 3. Nf3 d6 4. Bc4 Nf6 5. Qe2 O-O 6. Bb3 Bg4
7. Nbd2 Nc6 8. c3 e5 9. d5 Ne7 10. O-O h6 11. h3 Bd7 12. c4 b6
13. Bc2 a5 14. Re1 Nh7 15. Nf1 f5 16. exf5 gxf5 17. Ng3 Qe8
18. Nh4 Qf7 19. Nh5 Bf6 20. Nxf6+ Qxf6 21. g3 Rae8 22. Qh5 Ng5
23. Bxg5 Qxg5 24. Qxg5+ hxg5 25. Nf3 g4 26. hxg4 fxg4 27. Nh4
Rf6 28. Re4 Ref8 29. Rf1 R8f7 30. Bd1 Rg7 31. b3 Ng6 32. Nxg6
Rfxg6 33. Re3 Rh6 34. Kg2 Rgh7 35. Rg1 Rh2+ 36. Kf1 Bf5 37. a3
Kg7 38. b4 Rh8 39. bxa5 bxa5 40. Rb3 Kf6 41. c5 Rh1 42. cxd6
cxd6 43. Rb6 Bd3+ 44. Be2 Bxe2+ 45. Kxe2 Rxg1 46. Rxd6+ Kf5
47. Ra6 Rb8 48. Rxa5 Rb2+ 49. Ke3 Rd1 50. a4 Rdd2 51. Ra8 Rxd5
52. Rf8+ Ke6 53. Re8+ Kf7 54. Ra8 Rdd2 55. Ke4 Rxf2 56. Kxe5
Rf3 57. a5 Ra2 58. a6 Rxg3 59. Kf5 Ra5+ 60. Kf4 Rg1 61. a7
Ra4+ 62. Kf5 Rf1+ 63. Ke5 Rfa1 64. Kf5 Rxa7 65. Rh8 g3
66. Rh7+ Kg8 0-1

[Event "FIDE Online Olympiad"]
[Site "Chess.com"]
[Date "2020.08.21"]
[EventDate "2020.08.21"]
[Round "3"]
[Result "0-1"]
[White "Florence Rollot"]
[Black "Nadiia Shpanko"]
[WhiteElo "1944"]
[BlackElo "2069"]
[Source "Chess-Results"]
[PlyCount "74"]

1. Nf3 Nf6 2. c4 c5 3. g3 d5 4. cxd5 Nxd5 5. Bg2 Nc6 6. O-O e5
7. Nc3 Nc7 8. d3 Be7 9. a3 O-O 10. Bd2 Rb8 11. Rc1 Ne6 12. Ne1
Ncd4 13. e3 Nc6 14. Nd5 Bd6 15. Nc2 Ne7 16. Nxe7+ Qxe7 17. b4
Rd8 18. Bc3 b6 19. d4 Ng5 20. dxe5 Bc7 21. Qe2 Nh3+ 22. Kh1
Bxe5 23. Bxe5 Qxe5 24. Rcd1 Be6 25. f4 Qc3 26. f5 Bc4 27. Qg4
Rxd1 28. Qxd1 Bxf1 29. Qxf1 Qxc2 30. Bxh3 Rd8 31. Bg4 Qe4+
32. Bf3 Qxe3 33. f6 gxf6 34. Be2 Rd2 35. Bc4 Qf2 36. Qxf2 Rxf2
37. bxc5 bxc5 0-1

[Event "FIDE Online Olympiad"]
[Site "Chess.com"]
[Date "2020.08.21"]
[EventDate "2020.08.21"]
[Round "3"]
[Result "0-1"]
[White "Thyra Kvendseth"]
[Black "Dominika Ferkova"]
[WhiteElo "1810"]
[BlackElo "1820"]
[Source "Chess-Results"]
[PlyCount "108"]

1. Nf3 d5 2. g3 Nf6 3. Bg2 c5 4. O-O Nc6 5. d4 e6 6. Bg5 h6
7. Bf4 Be7 8. c3 O-O 9. Nbd2 cxd4 10. cxd4 Ne4 11. e3 Nxd2
12. Nxd2 g5 13. Qh5 gxf4 14. gxf4 Kh7 15. Kh1 f5 16. Rg1 Qe8
17. Qh3 Bd7 18. Bf3 Rg8 19. Bh5 Rxg1+ 20. Rxg1 Qf8 21. Nf3 Be8
22. Ng5+ Bxg5 23. fxg5 Ne7 24. Be2 Rc8 25. Bd1 Bg6 26. f4 Ng8
27. Ba4 Qf7 28. gxh6 Nxh6 29. Qh4 Kg7 30. Qg5 Rh8 31. Bd1 Qf6
32. Bh5 Ng4 33. Bxg4 Qxg5 34. fxg5 fxg4 35. Rxg4 Be4+ 36. Kg1
Rh3 37. Rf4 Kg6 38. Rf6+ Kxg5 39. Rxe6 Rxe3 40. Re7 Rd3
41. Rxb7 Kf4 42. Rc7 Ke3 43. Rc1 Rd2 44. Rc3+ Kxd4 45. Ra3
Rg2+ 46. Kf1 Rxh2 47. Rxa7 Rxb2 48. Ra3 Bd3+ 49. Kg1 Ke3
50. Rc3 d4 51. Ra3 Ke2 52. Kg2 Be4+ 53. Kg3 d3 54. Kf4 Rb4 0-1

[Event "FIDE Online Olympiad"]
[Site "Chess.com"]
[Date "2020.08.21"]
[EventDate "2020.08.21"]
[Round "3"]
[Result "0-1"]
[White "Rinat Jumabayev"]
[Black "Francisco Vallejo Pons"]
[WhiteElo "2562"]
[BlackElo "2656"]
[Source "Chess-Results"]
[PlyCount "60"]

1. d4 e6 2. Bf4 b6 3. e4 Bb7 4. Nc3 Bb4 5. Qd3 Nf6 6. e5 Nd5
7. Bd2 O-O 8. h4 f6 9. Nf3 Ba6 10. Nb5 Bxb5 11. Qxb5 Bxd2+
12. Kxd2 c5 13. Re1 Nc6 14. Bd3 a6 15. Qb3 fxe5 16. Be4 Na5
17. Qd3 Nf4 18. Bxh7+ Kh8 19. Qf1 Kxh7 20. dxe5 Kg8 21. Ng5
Qe8 22. g3 Nd5 23. Qd3 Rxf2+ 24. Kc1 Qh5 25. g4 Qh6 26. a3 c4
27. Qd4 Raf8 28. Kb1 Qg6 29. Rc1 Nb3 30. Qxc4 Nd2+ 0-1

[Event "FIDE Online Olympiad"]
[Site "Chess.com"]
[Date "2020.08.21"]
[EventDate "2020.08.21"]
[Round "3"]
[Result "0-1"]
[White "Bibisara Assaubayeva"]
[Black "Ana Matnadze"]
[WhiteElo "2321"]
[BlackElo "2361"]
[Source "Chess-Results"]
[PlyCount "202"]

1. d4 c6 2. c4 g6 3. Nc3 Bg7 4. e4 d6 5. Be3 Nh6 6. h3 f5
7. Qd2 Nf7 8. exf5 Bxf5 9. Nf3 Na6 10. Be2 Nb4 11. Rc1 a5
12. a3 Na6 13. O-O O-O 14. Rfe1 Nc7 15. d5 c5 16. Ng5 Ne5
17. f4 Nf7 18. Nce4 a4 19. Bf3 b5 20. Nxf7 Rxf7 21. Ng5 Rf8
22. Ne6 Bxe6 23. dxe6 Rb8 24. cxb5 Rxb5 25. Rc2 Qb8 26. Bc6
Rxb2 27. Bxa4 Rb6 28. Bd7 Qa8 29. a4 Nd5 30. Kh2 Rb4 31. g3
Nf6 32. Bf2 Rfb8 33. Bb5 Rf8 34. Bg1 Rb3 35. Qg2 Qxg2+
36. Kxg2 Nh5 37. Re3 Rb1 38. Bf2 Bd4 39. Rd3 Bxf2 40. Rxf2 Ng7
41. g4 Rb4 42. Re3 Rfxf4 43. Rxf4 Rxf4 44. a5 Rb4 45. Bc6 Rb2+
46. Kg3 Ra2 47. Rb3 h5 48. Rb8+ Kh7 49. Ra8 Nxe6 50. Ra7 Kh6
51. a6 Nd4 52. Bd5 Ra3+ 53. Kh2 Kg5 54. gxh5 gxh5 55. Ra8 Nb5
56. Bc4 Nc7 57. Ra7 d5 58. Rxc7 dxc4 59. Rxc5+ Kf6 60. Rxc4
Rxa6 61. Kg3 Ra5 62. Kf4 Rf5+ 63. Ke4 e6 64. Rc8 Re5+ 65. Kf4
Ra5 66. Rf8+ Ke7 67. Rh8 Kd6 68. h4 Rf5+ 69. Ke4 Ke7 70. Rh7+
Kf6 71. Rh8 Ra5 72. Rh6+ Kf7 73. Rh7+ Kg6 74. Re7 Kf6 75. Rh7
Ra4+ 76. Kf3 Rxh4 77. Rh8 Kg7 78. Ra8 Rc4 79. Ra6 Kf6 80. Ra5
h4 81. Rh5 e5 82. Ke3 Ke6 83. Kd3 Rg4 84. Ke3 Kd5 85. Rh8 Ra4
86. Rd8+ Ke6 87. Re8+ Kf6 88. Rf8+ Kg5 89. Rg8+ Kf5 90. Rf8+
Kg4 91. Rg8+ Kh3 92. Rg5 Rg4 93. Rxe5 Kg2 94. Kd2 h3 95. Re2+
Kg1 96. Re1+ Kh2 97. Ke3 Kg2 98. Re2+ Kg3 99. Rf2 h2 100. Rf1
Kg2 101. Rf2+ Kg1 0-1

[Event "FIDE Online Olympiad"]
[Site "Chess.com"]
[Date "2020.08.21"]
[EventDate "2020.08.21"]
[Round "3"]
[Result "0-1"]
[White "Marta Garcia Martin"]
[Black "Meruert Kamalidenova"]
[WhiteElo "2097"]
[BlackElo "1875"]
[Source "Chess-Results"]
[PlyCount "156"]

1. e4 c5 2. Nf3 d6 3. d4 cxd4 4. Nxd4 Nf6 5. Nc3 a6 6. Be3 e5
7. Nb3 Be7 8. f3 O-O 9. Qd2 Be6 10. O-O-O Nbd7 11. g4 b5
12. g5 Nh5 13. Nd5 Bxd5 14. exd5 f5 15. Rg1 f4 16. Bf2 Bxg5
17. Bh3 Bh6 18. Kb1 Nhf6 19. Na5 e4 20. Nc6 Qe8 21. Qe2 e3
22. Be1 Nc5 23. Nd4 Nxd5 24. Nf5 Rxf5 25. Bxf5 Qe5 26. Be4
Nxe4 27. fxe4 Qxe4 28. Qh5 f3 29. Qxh6 g6 30. Qh4 Qxh4
31. Bxh4 f2 32. Rh1 e2 33. Bxf2 exd1=Q+ 34. Rxd1 Rf8 35. Bg3
Ne3 36. Re1 Nf5 37. Bf4 Kf7 38. Kc1 Re8 39. Rf1 Ke6 40. Kd2
Kd5 41. Bg5 Re4 42. Rf3 Rg4 43. h4 Nxh4 44. Rd3+ Kc6 45. Bd8
Nf5 46. b3 Rg2+ 47. Kc3 Rg3 48. Bf6 Rxd3+ 49. Kxd3 Kd5 50. c4+
bxc4+ 51. bxc4+ Ke6 52. Bg5 h6 53. Bd2 h5 54. Ke4 h4 55. Bf4
h3 56. Kf3 Kd7 57. Kg4 Ne3+ 58. Kxh3 Nxc4 59. Kg4 Ne5+ 60. Kg3
Ke6 61. Bh6 Kf5 62. Bf8 d5 63. Bc5 Ke4 64. Bb4 d4 65. Kg2 d3
66. Kf1 Nf3 67. Kf2 g5 68. Bc3 g4 69. Ba5 g3+ 70. Kxg3 d2
71. Bxd2 Nxd2 72. Kf2 Kd3 73. Ke1 Kc2 74. Ke2 Nc4 75. a4 Kb3
76. Kd3 Nb6 77. a5 Nc4 78. Kd4 Kb4 0-1